00451nam a2200109Ia 4500041001200000082001200012100004000024245014600064260006600210300001300276650005200289 aEnglish aRP.0321 aPareek, KumkumuR.G. (P.G.) College 2aA study of life satisfaction in relation to emotional intelligence and sprituality among elder persons of homes & old homes / cKumkum Pareek aNew Delhi :bIndian Council of Social Science Research,c2013 aii, 224p aAged-Home carevOld AgeHomes-Activity Programme